Dictionary of modern politics (Record no. 590)

MARC details
000 -LEADER
fixed length control field 00336nam a2200133Ia 4500
020 ## - INTERNATIONAL STANDARD BOOK NUMBER
ISBN 0-905118-80-4
082 ## - DEWEY DECIMAL CLASSIFICATION NUMBER
Classification number RR 320.03 ROB-;
100 ## - MAIN ENTRY--AUTHOR NAME
Personal name Robertson, David
245 #0 - TITLE STATEMENT
Title Dictionary of modern politics
260 ## - PUBLICATION, DISTRIBUTION, ETC. (IMPRINT)
Place of publication London
Name of publisher Europa Publications
Year of publication 1985
300 ## - PHYSICAL DESCRIPTION
Number of Pages ix, 341p.
650 ## - SUBJECT ADDED ENTRY--TOPICAL TERM
Topical Term Political science - Dictionaries
942 ## - ADDED ENTRY ELEMENTS (KOHA)
Koha item type Books
Holdings
Withdrawn status Lost status Damaged status Not for loan Home library Current library Date acquired Bill Date Full call number Accession Number Price effective from Koha item type
        NASSDOC Library NASSDOC Library 08/06/2004 2004-10-22 RR 320.03 ROB-; 18754 18/04/2019 Books